Cơ tầng văn hoá Đông Nam Á ở Trường Sơn - Tây Nguyên /
Shranjeno v:
| Glavni avtor: | |
|---|---|
| Drugi avtorji: | , , |
| Format: | Luận văn |
| Jezik: | Vietnamese |
| Izdano: |
Đà Lạt :
Trường Đại học Đà Lạt,
1998
|
| Teme: | |
| Oznake: |
Označite
Brez oznak, prvi označite!
|
| Thư viện lưu trữ: | Thư viện Trường Đại học Đà Lạt |
|---|
| LEADER | 01103nam a2200385 4500 | ||
|---|---|---|---|
| 001 | DLU040026664 | ||
| 005 | ##20021230 | ||
| 040 | # | # | |a DLU |b vie |
| 041 | # | # | |a vie |
| 044 | # | # | |a vn |
| 082 | # | # | |a 900 |b Cot |
| 100 | # | # | |a Nguyễn Khắc Huấn |
| 245 | # | # | |a Cơ tầng văn hoá Đông Nam Á ở Trường Sơn - Tây Nguyên / |c Cao Thế Trình, ... [và những người khác] |
| 260 | # | # | |a Đà Lạt : |b Trường Đại học Đà Lạt, |c 1998 |
| 300 | # | # | |a 79 tr. ; |c 30 cm |
| 504 | # | # | |a Tài liệu tham khảo : tr. 76-79 |
| 653 | # | # | |a Đông Nam Á |
| 653 | # | # | |a Cư dân |
| 653 | # | # | |a Tây Nguyên |
| 653 | # | # | |a Tộc người |
| 653 | # | # | |a Trường Sơn |
| 653 | # | # | |a Văn hoá truyền thống |
| 700 | # | # | |a Cao Thế Trình |
| 700 | # | # | |a Phan Thị Hồng |
| 700 | # | # | |a Trần Văn Bảo |
| 915 | # | # | |a Ngữ văn. |b B96-07, |c Đề tài nghiên cứu khoa học cấp bộ |
| 992 | # | # | |a 0 |
| 994 | # | # | |a DLU |
| 900 | # | # | |a True |
| 911 | # | # | |a Thái Thị Thanh Thủy |
| 925 | # | # | |a G |
| 926 | # | # | |a A |
| 927 | # | # | |a LA |
| 980 | # | # | |a Thư viện Trường Đại học Đà Lạt |